LEADER 00964nam a2200229 i 4500 001 000000158218 003 CaOOAMICUS 005 20070202000000.0 008 070202s1918 it u000 u ita u 013 $a135581 040 $aSeMil$bita 100 1 $aPasetti, Carlo.$0(OLS)http://semarc/name/25956 245 10$aGiovanni Rasori :$b1766-1837 /$cCarlo Pasetti. 260 $aMilano :$bStabilimento Tipo-litografico Stucchi, Ceretti,$c1918. 300 $a12 p. :$bill. ;$c28 cm. 500 $aEstratto dalla rivista : L'Ospedale Maggiore, n. 5, Maggio 1918. 650 4$aRasori, Giovanni <1766-1837>.$0(OLS)http://semarc/subject/16876 850 $aSeMil 852 $aSeMil$W1$xVenegono$y1$m5A XI 9/24$j109874$B109874$CSeMilBibl$Z2$F119511 $81 961 $aRecupero: Altro 996 $6245$aGiovanni Rasori :$b1766-1837$9(OLS)http://semarc/title/139503 996 $6260$aMilano :$bStabilimento Tipo-litografico Stucchi, Ceretti$9(OLS)http://semarc/publisher/44042 LEADER 01125nam a2200265 i 4500 001 000000250987 003 CaOOAMICUS 005 20260327085958.0 008 160830s1824 it u000 u ita u 013 $a229892 026 $ai-r- u-re a-d- tiim (3) 1824 (R) 040 $aSeMil$bita 100 1 $aBeccaria, Cesare,$d<1738-1794>.$0(OLS)http://semarc/name/10695 245 10$aOpere di Cesare Beccaria. Volume unico. 260 $aMilano :$bPer Nicoḷ Bettoni,$c1824. 300 $a[8], 317 [i.e. 327], [1] p. ;$c8º. 490 0 $aClassica biblioteca italiana antica e moderna 500 $aRipetute nella num. le p. 167-176. 700 1 $aBettoni, Nicoḷ,$c.$0(OLS)http://semarc/name/3818 830 0$aClassica biblioteca italiana antica e moderna.$0(OLS)http://semarc/title/34493 850 $aSeMil 852 $aSeMil$W1$xVenegono$y1$m1F IV 31 FA$j201333$B201333$CSeMilBibl$Z2$F213095 $8I 996 $6245$aOpere di Cesare Beccaria. Volume unico$9(OLS)http://semarc/title/353119 996 $6260$aMilano :$bPer Nicoḷ Bettoni$9(OLS)http://semarc/publisher/36549